000 00613nam a2200229Ia 4500
003 OSt
005 20220926045005.0
006 a|||||r|||| 00| 0
007 ta
008 220923b |||||||| |||| 00| 0 eng d
037 _cGeneral Book
040 _aRTL
_cRTL
_beng
041 _2eng
_aeng
082 _aX9:9.2.N64<--N46s, GD
110 _aIndia, NLL
_9349683
245 0 _aStatistics of selected manufacturing industries. Pt. 2
260 _c1964
300 _a143p.
_ccm.
700 _aIndia, NLL
_9349684
942 _hX9:9.2.N64<--N46s, GD
_cGB
_2CC
999 _c676388
_d676388